2021-2022 Manchester United Players - Statistics

General Stats
  • This quiz has been taken 97 times
    69 since last reset
  • The average score is 20 of 39
Answer Stats
Position Answer % Correct
Keeper David De Gea
95%
Attack Cristiano Ronaldo
84%
Defence Harry Maguire
82%
Defence Luke Shaw
82%
Attack Marcus Rashford
82%
Midfield Bruno Fernandes
74%
Defence Diogo Dalot
73%
Midfield Fred
73%
Keeper Dean Henderson
71%
Defence Aaron Wan Bissaka
69%
Defence Raphael Varane
69%
Midfield Paul Pogba
66%
Midfield Scott Mctominay
65%
Defence Victor Lindelof
65%
Attack Anthony Martial
63%
Attack Jadon Sancho
61%
Keeper Tom Heaton
61%
Defence Phil Jones
60%
Manager Ralf Rangnick
58%
Attack Edison Cavani
56%
Defence Eric Bailly
56%
Attack Mason Greenwood
55%
Midfield Jesse Lingard
53%
Attack Anthony Elanga
50%
Defence Alex Telles
47%
Keeper Lee Grant
45%
Midfield Nemanja Matic
44%
Midfield Juan Mata
42%
Defence Axel Tuanzebe
32%
Midfield Donny Van De Beek
31%
Defence Brandon Williams
29%
Midfield Andreas Pereira
23%
Defence Teden Mengi
21%
Attack Tahith Chong
15%
Attack Shola Shoretire
13%
Midfield Facundo Pellistri
11%
Midfield Hannibal
11%
Midfield Amad
10%
Midfield James Garner
10%
No matching quizzes found
Score Distribution
Percent of People with Each Score
Percentile by Number Answered
Your Score History
You have not taken this quiz since the last reset